| 000 | 01010nam a2200265Ia 4500 | ||
|---|---|---|---|
| 003 | OSt | ||
| 005 | 20221005105058.0 | ||
| 006 | a|||||r|||| 00| 0 | ||
| 007 | ta | ||
| 008 | 221004b |||||||| |||| 00| 0 hin d | ||
| 020 |
_a9789380172316 (pbk) _cINR 140.00 |
||
| 024 | _a37095 | ||
| 037 |
_b1519, 21/02/2018, Bookwell _cTextual |
||
| 040 |
_aCRL _cCRL _bhin |
||
| 041 |
_2hin _ahin |
||
| 082 | _aV2z7, 152Q1 | ||
| 100 | _aशर्मा, रामशरण, ले. | ||
| 245 | 0 |
_aभारतीय इतिहास _b एक पुनर्विचार |
|
| 246 | _aBhāratīya itihāsa: ek punarvichāra | ||
| 260 |
_aदिल्ली _bहिंदी माध्यम कार्यान्वय निदेशालय भारत _c2011 |
||
| 300 |
_a302पृ0 _ccm. |
||
| 650 | _aविश्व-इतिहास | ||
| 942 |
_hV2z7, 152Q1 _cTEXL _2cc |
||
| 999 |
_c1014686 _d1014686 |
||